| 000 | 00553nam a2200205 a 4500 | ||
|---|---|---|---|
| 005 | 20140310183449.0 | ||
| 008 | 081205s19uu xx 00 eng d | ||
| 020 | _a978-0-07-110097-7 | ||
| 050 |
_aHD 62.4 _b.H55g 2008 |
||
| 100 | _aHill, Charles W. L. | ||
| 245 |
_aGlobal business today. _cCharles W. L. Hill |
||
| 250 | _a5th ed. | ||
| 260 |
_aBoston : _bMcGraw-Hill Irwin, _c2008. |
||
| 300 |
_a592 p. : _c27 cm. |
||
| 650 | _aBSBA. | ||
| 650 | _aGlobal business. | ||
| 650 | _aBusiness today. | ||
| 942 |
_cBK _2lcc _kFOR |
||
| 999 |
_c23313 _d23313 |
||